| 000 | 01843nam a2200397 i 4500 | ||
|---|---|---|---|
| 001 | in902934961 | ||
| 003 | Ingram | ||
| 005 | 20250214164032.0 | ||
| 008 | 250203s2025 cauab 000 0deng d | ||
| 020 |
_a9781641716437 _q(hardcover) |
||
| 035 | _a(OCoLC)1437985081 | ||
| 040 |
_aTnLvILS _beng _cTnLvILS _erda |
||
| 043 |
_aa------ _aaw----- _aa-ii--- |
||
| 092 |
_ageneral nonfiction _b910 Steves |
||
| 100 | 1 |
_aSteves, Rick, _d1955- _eauthor. _913933 |
|
| 245 | 1 | 0 |
_aOn the Hippie Trail : _bIstanbul to Kathmandu and the making of a travel writer / _cRick Steves. |
| 246 | 3 | 0 | _aIstanbul to Kathmandu and the making of a travel writer. |
| 250 | _aFirst edition. | ||
| 264 | 1 |
_aOakland, CA : _bAvalon Travel/Hachette Book Group, _c[2025] |
|
| 300 |
_a247 pages : _bcolor illustrations, color map ; _c23 cm. |
||
| 336 | _atext | ||
| 336 | _astill image | ||
| 336 | _acartographic image | ||
| 337 | _aunmediated | ||
| 338 | _avolume | ||
| 500 | _acTwo-page gatefolds for color map is in center of book. | ||
| 500 | _a"This book is an edited transcription of Rick's journal and travel photos with a 45-years-later preface and postscript reflecting on how the journey changed his life."--Dust jacket flap. | ||
| 520 | _aStow away with Rick Steves for a glimpse into the unforgettable moments, misadventures, and memories of his 1978 journey on the legendary Hippie Trail. | ||
| 600 | 1 | 0 |
_aSteves, Rick, _d1955- _xTravel. _96539018 |
| 650 | 0 |
_aTravel writers _vBiography. _96539019 |
|
| 650 | 0 | _aVoyages and travels. | |
| 650 | 0 |
_aHippies _vBiography. _96539020 |
|
| 651 | 0 |
_aAsia _xDescription and travel _xHistory _y20th century. _96539021 |
|
| 651 | 0 |
_aMiddle East _xDescription and travel _xHistory _y20th century. _96539022 |
|
| 942 |
_2ddc _cBOOK |
||
| 999 |
_c404526 _d404526 |
||